Les joueurs du PSG en Ligue des Champions 2018/19. - Statistiques

Statistiques générales
  • Ce quiz a été pris 18 fois
  • Le résultat moyen est 17 sur 20
Statistiques - réponses
Pays Ages Joueurs Minutes G+A Notes % Correct
Argentine 30 Angel Di Maria 661 5 7.41
100%
Uruguay 31 Edinson Cavani 415 4 7.03
100%
France 19 Kylian Mbappé 701 9 7.40
100%
Italie 25 Marco Verratti 601 0 7.04
100%
Brésil 26 Neymar 532 7 8.18
100%
Belgique 26 Thomas Meunier 363 3 6.86
100%
Italie 40 Gianluigi Buffon 450 0 6.26
94%
Allemagne 24 Julian Draxler 284 1 6.78
94%
Brésil 24 Marquinhos 630 1 6.87
94%
France 22 Presnel Kimpembe 647 1 6.79
94%
Brésil 33 Thiago Silva 616 0 7.17
94%
Allemagne 21 Thilo Kehrer 490 0 6.60
94%
France 23 Adrien Rabiot 284 0 6.88
82%
Espagne 25 Juan Bernat 676 3 6.80
82%
Cameroun 29 Eric-Maxim Choupo-Moting 50 0 6.63
76%
Argentine 24 Leandro Paredes 35 0 6.65
76%
Brésil 35 Dani Alves 205 0 6.97
71%
France 25 Alphonse Areola 270 0 6.43
65%
France 19 Colin Dagba 9 0 6.70
47%
France 18 Moussa Diaby 8 0 6.60
41%
Aucun quiz correspondant
Distribution des résultats
% des personnes avec chaque résultat
Percentile par nombre de réponses
Votre historique - résultats
Vous n’avez pas pris ce quiz